000 00283nam a22001217a 4500
008 230623b xxu||||| |||| 00| 0 eng d
082 _a328.71
_bTAV
100 _cTAV
245 _aSTANDING RULES OF THE FEDERAL SENATE
260 _aBRASILIA
_c2003
300 _a190P
942 _2ddc
_cBK
999 _c2497
_d2497